Dánske výjimky ve světle evropské ústavní smlouvy

Analýza jednotlivých výnimiek Dánskeho kráľovstva v oblasti európskej integrácie. Spolupráca v oblasti bezpečnostnej a zahraničnej politiky. Spolupráca v oblasti vnútorných záležitostí a justície. Spoločná európska mena. Dánske výnimky a európska ústavná zmluva. Možné scenáre odbúrania výnimiek.

Salvato in:
Dettagli Bibliografici
Autore principale: Hořejšová, Tereza
Natura: Capitolo di libro
Lingua:ceco
Soggetti:
Tags: Aggiungi Tag
Nessun Tag, puoi essere il primo ad aggiungerne!!

MARC

LEADER 00000naa$a2200000$$$4500
001 0043844
005 20231114082320.7
041 0 |a cze 
044 |a CZ 
245 1 0 |a Dánske výjimky ve světle evropské ústavní smlouvy  |c Tereza Hořejšová 
520 |a Analýza jednotlivých výnimiek Dánskeho kráľovstva v oblasti európskej integrácie. Spolupráca v oblasti bezpečnostnej a zahraničnej politiky. Spolupráca v oblasti vnútorných záležitostí a justície. Spoločná európska mena. Dánske výnimky a európska ústavná zmluva. Možné scenáre odbúrania výnimiek. 
610 2 0 |a dohody medzinárodné 
610 2 0 |a integrácia ekonomická medzinárodná 
610 2 0 |a Dánsko 
610 2 0 |a Európska únia 
610 2 0 |a ústava 
610 2 0 |a spolupráca hospodárska medzinárodná 
610 2 0 |a politika bezpečnostná 
610 2 0 |a mena 
610 2 0 |a občianstvo štátne 
100 1 |a Hořejšová, Tereza